Античность и Россия; Прогрессивные технологии и экономика в машиностроении; Т. 2

Dades bibliogràfiques
Parent link:Прогрессивные технологии и экономика в машиностроении: труды II Всероссийской научно-практической конференции, 29-30 апреля 2004 года, Юрга/ Томский политехнический университет; Прогрессивные технологии и экономика в машиностроении; под ред. О. Ю. Ретюнского.— , 2004
Т. 2.— 2004.— С. 169-173
Autor principal: Иванова Е. М. Евгения Михайловна
Altres autors: Мельникова Е. В. Елена Владимировна
Idioma:rus
Publicat: 2004
Matèries:
Format: MixedMaterials Capítol de llibre
KOHA link:https://koha.lib.tpu.ru/cgi-bin/koha/opac-detail.pl?biblionumber=216332

MARC

LEADER 00000naa2a2200000 4500
001 216332
005 20231031194141.0
035 |a (RuTPU)RU\TPU\book\236301 
090 |a 216332 
100 |a 20120523d2004 k y0rusy50 ca 
101 0 |a rus 
102 |a RU 
200 1 |a Античность и Россия  |f Е. М. Иванова, Е. В. Мельникова 
461 0 |0 (RuTPU)RU\TPU\book\119005  |t Прогрессивные технологии и экономика в машиностроении  |o труды II Всероссийской научно-практической конференции, 29-30 апреля 2004 года, Юрга  |f Томский политехнический университет; Прогрессивные технологии и экономика в машиностроении; под ред. О. Ю. Ретюнского  |d 2004 
463 0 |0 (RuTPU)RU\TPU\book\164816  |t Т. 2  |v С. 169-173  |d 2004  |p 208 с. 
610 1 |a Россия 
610 1 |a античность 
610 1 |a античные государства 
610 1 |a история России 
610 1 |a европейская культура 
610 1 |a труды учёных ТПУ 
700 1 |a Иванова  |b Е. М.  |c российский учёный в области гуманитарных наук  |c старший преподаватель Юргинского технологического института (филиал) Томского политехнического университета  |g Евгения Михайловна  |2 stltpush  |3 (RuTPU)RU\TPU\pers\24499 
701 1 |a Мельникова  |b Е. В.  |c российский учёный в области иностранных языков  |c старший преподаватель Юргинского технологического института Томского политехнического университета  |g Елена Владимировна  |2 stltpush  |3 (RuTPU)RU\TPU\pers\24752 
801 1 |a RU  |b 63413507  |c 20120523 
942 |c BK